Revolución francesa / (Record no. 166260)
[ view plain ]
| 000 -LEADER | |
|---|---|
| campo de control de longitud fija | 00927nam a22002295i 4500 |
| 001 - NÚMERO DE CONTROL | |
| campo de control | 166260 |
| 003 - IDENTIFICADOR DE NÚMERO DE CONTROL | |
| campo de control | ES-MaACL |
| 005 - FECHA Y HORA DE LA ÚLTIMA TRANSACCIÓN | |
| campo de control | 20260201063018.0 |
| 008 - DATOS DE LONGITUD FIJA--INFORMACIÓN GENERAL | |
| campo de control de longitud fija | 940301s1845 sp |||| | spa d |
| 040 ## - FUENTE DE CATALOGACIÓN | |
| Centro catalogador/agencia de origen | AS |
| Lengua de catalogación | spa |
| 100 1# - ENTRADA PRINCIPAL--NOMBRE DE PERSONA | |
| Nombre de persona | Thiers, Adolphe, |
| Fechas asociadas al nombre | 1797-1877 |
| 9 (RLIN) | 173508 |
| 245 10 - MENCIÓN DEL TÍTULO | |
| Título | Revolución francesa / |
| Mención de responsabilidad, etc. | por M.A. Thiers. |
| 250 ## - MENCION DE EDICION | |
| Mención de edición | Nueva ed. |
| 260 ## - PUBLICACIÓN, DISTRIBUCIÓN, ETC. | |
| Lugar de publicación, distribución, etc. | Madrid : |
| Nombre del editor, distribuidor, etc. | Establecimiento Tipográfico de D.F. de P. Mellado, editor, |
| Fecha de publicación, distribución, etc. | 1845. |
| 300 ## - DESCRIPCIÓN FÍSICA | |
| Extensión | 6 v. ; |
| Dimensiones | 17 cm. |
| 490 1# - MENCIÓN DE SERIE | |
| Mención de serie | Biblioteca popular económica |
| 510 4# - NOTA DE CITAS O REFERENCIAS BIBLIOGRÁFICAS | |
| Nombre de la fuente | Palau, |
| Localización dentro de la fuente | XXIII, 331636 |
| 597 ## - NOTA DE DESCRIPCIÓN FÍSICA | |
| NOTA DE DESCRIPCIÓN FÍSICA | T. I. (XXXV, 434 p.) -- t. II. (587 p.) -- t. III. (587 p.) -- t. IV. (581 p.) -- t. V. (715 p.) -- t. VI. (512 p.) |
| 830 0# - PUNTO DE ACCESO ADICIONAL DE SERIE-TÍTULO UNIFORME | |
| Título uniforme | Biblioteca popular económica |
| 9 (RLIN) | 222542 |
| 852 ## - LOCALIZACIÓN | |
| Ubicación | ES-MaACL |
| Número de control de estantería | F-9349-9354 |
| Nota libre | -- Enc. pasta española |
| Encuadernación | -- Edic.: En la antep. de estos tomos consta la serie como: "Biblioteca popular" |
| Estatus retirado | Estado de pérdida | Estado de daño | No para préstamo | Colección | Biblioteca de origen | Biblioteca actual | Ubicación en estantería | Fecha de adquisición | Fuente de adquisición | Total de préstamos | Signatura topográfica completa | Código de barras | Visto por última vez | Precio de reemplazo | Tipo de ítem Koha |
|---|---|---|---|---|---|---|---|---|---|---|---|---|---|---|---|
| Libros del s. XIX | Biblioteca del Ateneo de Madrid | Biblioteca del Ateneo de Madrid | Sala Pecera Planta 2 | 17/01/2008 | F-9349-9354 | 1174361 | 23/02/2023 | 23/02/2023 | Libro impreso antiguo |
